Electrons and holes in semiconductors : with applications to transistor electronics (Record no. 12242)

000 -LEADER
fixed length control field 00475nam a22001577a 4500
008 - FIXED-LENGTH DATA ELEMENTS--GENERAL INFORMATION
fixed length control field 210125b ||||| |||| 00| 0 eng d
082 00 - DEWEY DECIMAL CLASSIFICATION NUMBER
Classification number 537.53
Item number S55914
100 ## - MAIN ENTRY--PERSONAL NAME
9 (RLIN) 4426
Personal name Shockley, William
245 10 - TITLE STATEMENT
Title Electrons and holes in semiconductors : with applications to transistor electronics
250 ## - EDITION STATEMENT
Edition statement 1st ed.
260 ## - PUBLICATION, DISTRIBUTION, ETC. (IMPRINT)
Place of publication, distribution, etc New-Delhi
Name of publisher, distributor, etc East-west press
Date of publication, distribution, etc 1968
300 ## - PHYSICAL DESCRIPTION
Extent xxiii,558 p.
365 ## - TRADE PRICE
Unit of pricing 16.00
650 #0 - SUBJECT ADDED ENTRY--TOPICAL TERM
Topical term or geographic name as entry element Transistors
942 ## - ADDED ENTRY ELEMENTS (KOHA)
Item type Books
Holdings
Withdrawn status Lost status Source of classification or shelving scheme Damaged status Not for loan Permanent location Current location Date acquired Source of acquisition Full call number Barcode Date last seen Koha item type
          IMU Kolkata IMU Kolkata 1971-01-05 Eastern book mart 537.53 S55914 03544 2021-01-25 Books
Designed and Maintained by IMU-KC Library, Kolkata Campus © Copyright All Rights Reserved

webs counters

Powered by Koha